Dự án hỗ trợ y tế ĐBSCL khung chính sách cho dân tộc thiểu số
Đã lưu trong:
| 企业作者: | |
|---|---|
| 格式: | 图书 |
| 语言: | Undetermined |
| 出版: |
Hà Nội
The World Bank
2005
|
| 主题: | |
| 标签: |
添加标签
没有标签, 成为第一个标记此记录!
|
| Thư viện lưu trữ: | Trung tâm Học liệu Trường Đại học Cần Thơ |
|---|
| LEADER | 00625nam a2200193Ia 4500 | ||
|---|---|---|---|
| 001 | CTU_98279 | ||
| 008 | 210402s9999 xx 000 0 und d | ||
| 082 | |a 352.73 | ||
| 082 | |b W927 | ||
| 110 | |a The World Bank | ||
| 245 | 0 | |a Dự án hỗ trợ y tế ĐBSCL khung chính sách cho dân tộc thiểu số | |
| 245 | 4 | |c The World Bank | |
| 260 | |a Hà Nội | ||
| 260 | |b The World Bank | ||
| 260 | |c 2005 | ||
| 650 | |a The World Bank,Economic development projects | ||
| 650 | |x Economic assistance,Developing countries | ||
| 904 | |i Minh | ||
| 980 | |a Trung tâm Học liệu Trường Đại học Cần Thơ | ||